[Event "CSR-ch"]
[Site "Rimavska Sobota"]
[Date "1974.??.??"]
[Round "13"]
[White "Jansa, Vlastimil"]
[Black "Mista, Ladislav"]
[Result "1-0"]
[WhiteElo "2535"]
[BlackElo "2355"]

1.e4 c5 2.Nf3 e6 3.d4 cxd4 4.Nxd4 Nc6 5.Nc3 a6 6.g3 d6 7.Bg2 Bd7 8.O-O Nf6
9.Re1 Rc8 10.Nxc6 Bxc6 11.Nd5 Bd7 12.Nxf6+ gxf6 13.b3 b5 14.Bf1 Be7 15.c4 h5
16.Bf4 Qb6 17.cxb5 axb5 18.a4 h4 19.a5 Qa6 20.Qd2 hxg3 21.hxg3 Rc5 22.Rac1 Rch5
23.Bg2 f5 24.e5 d5 25.Qd4 Bd8 26.Bd2 f6 27.exf6 O-O 28.Bf4 Bxf6 29.Be5 Bd8
30.Bf3 Rh7 31.Kg2 Be8 32.Rh1 Rff7 33.Bh5 Rfg7 34.Bxg7 Rxg7 35.Bf3 Bxa5 36.Qf6 Qb6
37.Rh8+ Kxh8 38.Qf8+  1-0

[Event "CSR-ch"]
[Site "Rimavska Sobota"]
[Date "1974.??.??"]
[Round "14"]
[White "Meduna, Eduard"]
[Black "Plachetka, Jan"]
[Result "1/2-1/2"]
[WhiteElo "2285"]
[BlackElo "2405"]

1.Nf3 c5 2.e4 e6 3.d4 cxd4 4.Nxd4 Nc6 5.Nc3 d6 6.g3 Bd7 7.Bg2 Nf6 8.O-O Be7
9.Ndb5 Qb8 10.Bf4 Ne5 11.a4 a6 12.Nd4 O-O 13.Nf3 Bc6 14.Nd4 Bd7 15.Nf3 Rd8
16.Qe2 Nxf3+ 17.Qxf3 Bc6 18.Qe2 b5 19.Rfd1 bxa4 20.e5 Nd5 21.Nxd5 Bxd5 22.Bxd5 exd5
23.e6 Rf8 24.c3 Qe8 25.Ra3 Qb5 26.exf7+ Rxf7 27.Qxb5 axb5 28.Rxd5 Rb8 29.b3 Bf6
30.bxa4 bxa4 31.Ra5 Rc7 32.Bxd6 Rb1+ 33.Kg2 Rxc3 34.Ra8+ Kf7 35.R3xa4 Rcb3
36.Rf8+ Ke6 37.Bc5 Rb8 38.Ra6+ Kd5 39.Rxb8 Rxb8 40.Be3 Rc8 41.Kf3 Rf8 42.Kg4 Bc3
43.h4 Rf6 44.Rxf6 Bxf6 45.Kf5 Bc3 46.Bf4 g6+ 47.Kg5 Bg7 48.h5 gxh5 49.Kxh5 Ke6
50.g4 Kf7 51.Bc7 Bd4 52.f4 Bc3 53.Be5 Bxe5 54.fxe5  1/2-1/2

[Event "CSR-ch"]
[Site "Rimavska Sobota"]
[Date "1974.??.??"]
[Round "14"]
[White "Sikora Lerch, Jan"]
[Black "Kubicek, Antonin"]
[Result "1/2-1/2"]
[WhiteElo "2200"]
[BlackElo "2320"]

1.e4 c5 2.Nf3 e6 3.d4 cxd4 4.Nxd4 Nc6 5.Nc3 a6 6.Be2 Qc7 7.Be3 Nf6 8.O-O Bb4
9.Na4 O-O 10.Nxc6 bxc6 11.Nb6 Rb8 12.Nxc8 Rfxc8 13.Bxa6 Rd8 14.Bd3 Bd6 15.Kh1 Be5
16.c3 Rxb2 17.Qc1 Ng4 18.f4 Nxe3 19.Qxb2 Bxf4 20.Qf2 Nxf1 21.Rxf1 e5 22.g3 Qd6
23.Be2 Bh6 24.Qxf7+ Kh8 25.a4 Qb8 26.a5 Bd2 27.a6 Bxc3 28.a7 Qd6 29.Rb1 Bd4
30.Rb7 Bxa7 31.Rxa7 Qd4 32.Rb7 Qxe4+ 33.Bf3 Qe1+ 34.Kg2 Qd2+ 35.Kh3 Qh6+
36.Bh5 Qd6 37.Bg4 Qh6+ 38.Kg2 Qd2+ 39.Qf2 Qd5+ 40.Kh3 Qd6 41.Qf7 Qh6+ 42.Kg2 Qd2+
43.Qf2 Qd5+ 44.Qf3 Qd2+ 45.Qf2  1/2-1/2

[Event "Sombor"]
[Site "Sombor"]
[Date "1974.??.??"]
[Round "3"]
[White "Minic, Dragoljub"]
[Black "Masic, Ljubomir"]
[Result "1/2-1/2"]
[WhiteElo "2475"]
[BlackElo "2365"]

1.e4 c5 2.Nf3 Nc6 3.d4 cxd4 4.Nxd4 e6 5.Nc3 a6 6.f4 Qc7 7.Nb3 b5 8.Bd3 Bb7
9.Qe2 Nb4 10.Be3 Nf6 11.a3 Nxd3+ 12.cxd3 d6 13.Rc1 Qd8 14.O-O Be7 15.Na2 Nd7
16.f5 exf5 17.Rxf5 O-O 18.Bd4 g6 19.Rf2 Rc8 20.Rcf1 Nc5 21.Nac1 Ne6 22.Bf6 Bxf6
23.Rxf6 d5 24.e5 d4 25.h4  1/2-1/2

[Event "Sombor"]
[Site "Sombor"]
[Date "1974.??.??"]
[Round "9"]
[White "Minic, Dragoljub"]
[Black "Hartoch, Robert G"]
[Result "1/2-1/2"]
[WhiteElo "2475"]
[BlackElo "2370"]

1.e4 c5 2.Nf3 Nc6 3.d4 cxd4 4.Nxd4 e6 5.Nc3 d6 6.Be3 Nf6 7.f4 Be7 8.Be2 e5
9.Nb3 exf4 10.Bxf4 O-O 11.O-O Be6 12.Kh1  1/2-1/2

[Event "Stary Smokovec"]
[Site "Stary Smokovec"]
[Date "1974.??.??"]
[Round "9"]
[White "Banas, Jan"]
[Black "Liebert, Heinz"]
[Result "1/2-1/2"]
[WhiteElo "2325"]
[BlackElo "2445"]

1.e4 c5 2.Nf3 Nc6 3.d4 cxd4 4.Nxd4 e6 5.Nc3 a6 6.g3 d6 7.Bg2 Bd7 8.O-O Rc8
9.Re1 Nf6 10.Nxc6 Bxc6 11.Nd5 Be7 12.Nxe7 Qxe7 13.b3 O-O 14.Ba3 Rfd8 15.e5 Ne8
16.Bxc6 Rxc6 17.Re4 Qc7 18.exd6 Nxd6 19.Rd4 f6 20.c4 Nf7 21.Rxd8+ Nxd8 22.Qd2 e5
23.Rd1 Ne6 24.Qd7 Qxd7 25.Rxd7 Rc7 26.Rxc7 Nxc7 27.Kf1 Kf7 28.Ke2 Ke6 29.Bc5 f5
30.f3 Ne8 31.Kd3 Nf6 32.Be3 g6 33.a4 Nd7 34.b4 Kd6 35.Kc3 a5 36.bxa5 Kc6
37.a6 bxa6 38.Kb4 Nb6 39.Kb3 Nc8 40.Kc3 Nb6 41.Kb3 Nd7 42.Kb4  1/2-1/2

[Event "SWE-ch"]
[Site "?"]
[Date "1974.??.??"]
[Round "1"]
[White "Fridh, Anton"]
[Black "Dahlin, Gunnar"]
[Result "1-0"]
[WhiteElo "2255"]
[BlackElo "2200"]

1.e4 c5 2.Nf3 Nc6 3.d4 cxd4 4.Nxd4 e6 5.Nc3 Qc7 6.Be2 a6 7.O-O b5 8.Kh1 Bb7
9.Be3 Na5 10.f3 Nf6 11.Qe1 Be7 12.a4 b4 13.Na2 d5 14.Nxb4 dxe4 15.fxe4 Nxe4
16.Nd3 O-O 17.Bf3 Nf6 18.Bxb7 Nxb7 19.Bf4 Qd7 20.c3 Rac8 21.Qe2 Nd5 22.Bg3 Bf6
23.Ne5 Bxe5 24.Bxe5 Nc5 25.a5 f6 26.Bg3 e5 27.Nf5 g6 28.Ne3 Nxe3 29.Qxe3 Rfd8
30.Rxf6 Qd2 31.Qxe5 Re8 32.Qd4 Qxb2 33.Raf1 Ne6 34.Qd7 Qxc3 35.Rxe6 Rf8 36.Ree1 Rcd8
37.Qe6+ Kg7 38.Be5+  1-0

[Event "SWE-ch"]
[Site "?"]
[Date "1974.??.??"]
[Round "2"]
[White "Dahlin, Gunnar"]
[Black "Karlsson, Lars"]
[Result "1/2-1/2"]
[WhiteElo "2200"]
[BlackElo "2200"]

1.e4 c5 2.Nf3 Nc6 3.d4 cxd4 4.Nxd4 e6 5.Nc3 Qc7 6.g3 a6 7.Bg2 Nf6 8.O-O Nxd4
9.Qxd4 Bc5 10.Bf4 d6 11.Qd3 Nd7 12.Na4 e5 13.Bg5 h6 14.Bd2 b5 15.Nxc5 Nxc5
16.Qc3 Bb7 17.a4 Bc6 18.axb5 Bxb5 19.Rfd1 Rc8 20.b3 O-O 21.Qe3 Qb7 22.Be1 Rcd8
23.Bb4 Bc6 24.Bxc5 dxc5 25.f3 Rd4  1/2-1/2

[Event "SWE-ch"]
[Site "?"]
[Date "1974.??.??"]
[Round "10"]
[White "Fridh, Anton"]
[Black "Karlsson, Lars"]
[Result "1/2-1/2"]
[WhiteElo "2255"]
[BlackElo "2200"]

1.e4 c5 2.Nf3 Nc6 3.d4 cxd4 4.Nxd4 e6 5.Nc3 Qc7 6.Ndb5 Qb8 7.Bc4 Nf6 8.O-O a6
9.Nd4 Ne5 10.Be2 Bc5 11.Be3 d6 12.Kh1 Ng6 13.a4 O-O 14.Bg5 Qc7 15.Nb3 Ba7
16.Bxf6 gxf6 17.Qd2 Bd7 18.Rad1 Bc6 19.Qh6 Qe7 20.Rd3 f5 21.exf5 Qh4 22.Qd2 Nf4
23.Rg3+ Kh8 24.Bf3 Rg8 25.Bxc6 bxc6 26.Nd4 Nh5 27.Rd3 Nf4 28.Rg3 Nh5  1/2-1/2

[Event "SWE-ch"]
[Site "?"]
[Date "1974.??.??"]
[Round "13"]
[White "Wedberg, Tom"]
[Black "Ljungdahl, John"]
[Result "1-0"]
[WhiteElo "2200"]
[BlackElo "2210"]

1.e4 c5 2.Nf3 e6 3.d4 cxd4 4.Nxd4 Nc6 5.Nc3 Qc7 6.g3 a6 7.Bg2 Nf6 8.O-O Be7
9.Be3 O-O 10.f4 d6 11.Qe2 Bd7 12.h3 Nxd4 13.Bxd4 Bc6 14.a4 Rac8 15.f5 exf5
16.Rxf5 Nd7 17.Qf2 Ne5 18.Rf1 g6 19.Bxe5 gxf5 20.Bd4 fxe4 21.Qf5 Bd7 22.Qxe4 Be6
23.Rf5 Rfd8 24.Nd5 Qxc2 25.Qxe6 Qd1+ 26.Kh2 Qxd4 27.Rxf7 Qe5 28.Nxe7+ Kh8
29.Rxh7+ Kxh7 30.Qg6+  1-0

[Event "SWE-ch"]
[Site "?"]
[Date "1974.??.??"]
[Round "15"]
[White "Wedberg, Tom"]
[Black "Karlsson, Lars"]
[Result "1-0"]
[WhiteElo "2200"]
[BlackElo "2200"]

1.e4 c5 2.Nf3 Nc6 3.d4 cxd4 4.Nxd4 e6 5.Nc3 Qc7 6.g3 a6 7.Bg2 Nf6 8.O-O Nxd4
9.Qxd4 Bc5 10.Qd1 d6 11.Bg5 Nd7 12.Qe2 O-O 13.Rad1 h6 14.Bc1 Ne5 15.Kh1 f6
16.f4 Nf7 17.g4 Bd7 18.Rd3 b5 19.a3 a5 20.Rh3 b4 21.Nb5 Qb7 22.c4 bxc3 23.Nxc3 Bc6
24.Rd1 d5 25.exd5 exd5 26.Nxd5 Rad8 27.Qc4 Bd6 28.Nxf6+ gxf6 29.Bxc6 Qc7
30.Rhd3 Kg7 31.Bd5 Qb8 32.Rb3 Qc8 33.Qxc8 Rxc8 34.Rb7 Rc7 35.Rb5 Rd7 36.Bxf7 Kxf7
37.Rxa5 Rc7 38.Rad5 Be7 39.Be3 Rc2 40.R5d2  1-0

[Event "SWE-ch"]
[Site "?"]
[Date "1974.??.??"]
[Round "15"]
[White "Dahlin, Gunnar"]
[Black "Ljungdahl, John"]
[Result "0-1"]
[WhiteElo "2200"]
[BlackElo "2210"]

1.e4 c5 2.Nf3 e6 3.d4 cxd4 4.Nxd4 Nc6 5.Nc3 Qc7 6.Be2 a6 7.f4 Nxd4 8.Qxd4 Ne7
9.Qf2 Ng6 10.O-O Be7 11.Be3 b5 12.Bd3 Bb7 13.a4 b4 14.Ne2 O-O 15.c3 a5 16.Rac1 bxc3
17.Nxc3 Qb8 18.Nb5 Bc6 19.Bd4 e5 20.fxe5 Nxe5 21.Qg3 f6 22.Bb1 Bxb5 23.axb5 Qxb5
24.Ba2+ Kh8 25.Bd5 Rac8 26.Bc3 a4 27.Rcd1 Nc4 28.Qd3 a3 29.bxa3 Nxa3 30.Qxb5 Nxb5
31.Ba1 Bc5+ 32.Kh1 d6 33.Rd2 Nc7 34.Bb7 Rb8 35.Bc6 Rb6 36.Bd7 Rd8 37.Bh3 Rdb8
38.Rdd1 Kg8 39.Bg4 Nb5 40.Be2 Na3 41.g4 Rb4 42.h4 Nc2 43.Bc3 Rxe4 44.Bd3 Re3
45.g5 fxg5 46.hxg5 Rh3+ 47.Kg2 Rxd3 48.Rxd3 Ne3+ 49.Kg1 Nxf1+ 50.Kxf1 Rb3
51.Ke2 d5  0-1

[Event "URS Cup"]
[Site "Tbilisi"]
[Date "1974.??.??"]
[Round "?"]
[White "Zakharov, Alexander V"]
[Black "Chukaev, Egor"]
[Result "1-0"]
[WhiteElo "2200"]
[BlackElo "2200"]

1.e4 c5 2.Nf3 Nc6 3.d4 cxd4 4.Nxd4 e6 5.Nc3 a6 6.Be2 Nxd4 7.Qxd4 Ne7 8.Be3 b5
9.O-O Nc6 10.Qd2 Qc7 11.f4 Be7 12.Rad1 O-O 13.e5 f6 14.exf6 Bxf6 15.Ne4 Bxb2
16.Bc5 Rf5 17.c3 Rxc5 18.Nxc5 Qa7 19.Qxb2 Qxc5+ 20.Kh1 d5 21.Bf3 g6 22.Qd2 Ne7
23.Rfe1 Bd7 24.Bg4 Kf7 25.Re3 Rg8 26.Qe2 Nf5 27.Bxf5 gxf5 28.Qh5+ Kf8 29.Qh6+ Rg7
30.Rg3 Qe7 31.Rdd3 Be8 32.Rxg7  1-0

[Event "URS Cup"]
[Site "Tbilisi"]
[Date "1974.??.??"]
[Round "?"]
[White "Korensky, Valeri S"]
[Black "Sideif Sade, Fikret I"]
[Result "1-0"]
[WhiteElo "2495"]
[BlackElo "2200"]

1.e4 c5 2.Nf3 Nc6 3.d4 cxd4 4.Nxd4 e6 5.Nc3 a6 6.Bf4 d6 7.Bg3 Nf6 8.Be2 Be7
9.Nxc6 bxc6 10.e5 Nd5 11.exd6 Bxd6 12.Ne4 Bc7 13.c4 Nf4 14.Qxd8+ Kxd8 15.O-O-O+ Ke7
16.Bf3 h5 17.h4 a5 18.Rd2 Rd8 19.Rxd8 Kxd8 20.Rd1+ Ke7 21.Bxh5 Rb8 22.Bf3 Be5
23.b3 a4 24.Kc2 axb3+ 25.axb3 Ra8 26.Nc3 Bd7 27.Na4 Ra5 28.Re1 f6 29.Re4 g5
30.hxg5 fxg5 31.b4 Rxa4 32.Rxe5 Kf6 33.Bxf4 gxf4 34.Re4 Rxb4 35.Rxf4+ Ke5
36.Re4+ Kd6 37.Rd4+ Ke7 38.Kc3 c5 39.Rd2 Ra4 40.Rb2 Ra3+ 41.Kd2 Ra4 42.Be2 Bc6
43.f3 Kd6 44.Ke3 Ke5 45.f4+ Kf6 46.g4 Ra3+ 47.Bd3 Be8 48.Rb7 e5 49.g5+ Ke6
50.f5+ Kd6 51.Rb6+ Bc6 52.g6 e4 53.Rxc6+ Kxc6 54.g7 Rxd3+ 55.Kxe4 Rg3 56.f6 Rg1
57.Ke5 Kd7 58.f7 Rxg7 59.f8=Q Rg5+ 60.Kf6  1-0

[Event "Vejle op"]
[Site "Vejle"]
[Date "1974.??.??"]
[Round "6"]
[White "Moe, Mogens"]
[Black "Rath, Ulrik"]
[Result "0-1"]
[WhiteElo "2375"]
[BlackElo "2200"]

1.e4 c5 2.Nf3 e6 3.d4 cxd4 4.Nxd4 Nc6 5.Nc3 a6 6.Be3 Qc7 7.Bd3 Nf6 8.O-O Bd6
9.h3 Bf4 10.Qf3 Bxe3 11.Qxe3 Nxd4 12.Qxd4 e5 13.Qe3 d6 14.f4 Be6 15.f5 Bd7
16.Rad1 Qc5 17.Rfe1 Qxe3+ 18.Rxe3 Bc6 19.g4 h6 20.Be2 Ke7 21.h4 g5 22.h5 b5
23.Nd5+ Bxd5 24.exd5 Rhc8 25.c3 Rc5 26.Bf3 Rac8 27.Kg2 b4 28.cxb4 Rc2+ 29.Kg3 Rxb2
30.a3 Rcc2 31.Rdd3 Kd7 32.Kh3 Kc7 33.Kg3 Kb6 34.Kh3 Rc4 35.Be2 e4 36.Rb3 Rxb3
37.Rxb3 Rc2 38.Bd1 Rd2  0-1

[Event "Vejle op"]
[Site "Vejle"]
[Date "1974.??.??"]
[Round "7"]
[White "Sorensen, Ta"]
[Black "Moller, Lars"]
[Result "0-1"]
[WhiteElo "2200"]
[BlackElo "2315"]

1.e4 c5 2.Nf3 e6 3.d4 cxd4 4.Nxd4 Nc6 5.Nc3 a6 6.Be3 Qc7 7.Be2 Nf6 8.O-O Be7
9.Kh1 O-O 10.f4 d6 11.Bf3 Bd7 12.Qe1 Na5 13.Rd1 Rac8 14.Bc1 Nc4 15.Qg3 b5
16.e5 Ne8 17.Ne4 Kh8 18.b3 Na5 19.Ba3 Nb7 20.Bg4 Nc5 21.Bf3 dxe5 22.fxe5 Nxe4
23.Bxe4 Bxa3 24.Qh4 h6 25.Qh5 f5 26.exf6 Nxf6  0-1

[Event "Vejle op"]
[Site "Vejle"]
[Date "1974.??.??"]
[Round "9"]
[White "Bjerring, Kai"]
[Black "Kolbak, Jens"]
[Result "0-1"]
[WhiteElo "2405"]
[BlackElo "2200"]

1.e4 c5 2.Nf3 e6 3.d4 cxd4 4.Nxd4 Nc6 5.Nc3 a6 6.Be3 Qc7 7.Bd3 Nf6 8.O-O Bd6
9.f4 Nxd4 10.Bxd4 Bxf4 11.Rxf4 Qxf4 12.Ne2 Qg5 13.e5 Ng4 14.Ng3 Qf4 15.Be4 h5
16.Qe2 Nxh2 17.Qd3 Ng4 18.Rf1 Qg5 19.Bc5 d5 20.Bxd5 Qxe5 21.Qf3 f5 22.Rd1 exd5
23.Rd2 Nf6 24.Bd4 Qe1+ 25.Nf1 Qe7 26.Bxf6 Qxf6 27.Qxd5 Be6 28.Re2 Kf7 29.Qxb7+ Kg6
30.c3 Rhe8 31.Qf3 Kh6 32.Ng3 g6 33.Ne4 Qh4 34.Qe3+ f4 35.Qd4 Bf5  0-1

[Event "Hoogovens"]
[Site "Wijk aan Zee"]
[Date "1974.??.??"]
[Round "9"]
[White "Adorjan, Andras"]
[Black "Langeweg, Kick"]
[Result "1/2-1/2"]
[WhiteElo "2515"]
[BlackElo "2390"]

1.e4 c5 2.Nf3 e6 3.d4 cxd4 4.Nxd4 Nc6 5.Nc3 d6 6.Bc4 Nf6 7.Be3 Be7 8.Qe2 a6
9.O-O-O Qc7 10.Rhg1 O-O 11.g4 b5 12.g5 Nxd4 13.Bxd4 Nd7 14.Bb3 Nc5 15.Qh5 Bb7
16.Bf6 Rfc8 17.Rd4 Nxb3+ 18.axb3 e5 19.Rd2 b4 20.Nd5 Bxd5 21.exd5  1/2-1/2

[Event "Zetters"]
[Site "Birmingham"]
[Date "1975.03.27"]
[Round "1"]
[White "Janosevic, Dragoljub"]
[Black "Gasic, Bozidar"]
[Result "1-0"]
[WhiteElo "2465"]
[BlackElo "2365"]

1.e4 c5 2.Nf3 e6 3.d4 cxd4 4.Nxd4 Nc6 5.Nc3 Qc7 6.g3 a6 7.Bg2 d6 8.O-O Bd7
9.Re1 Be7 10.Nb3 Nf6 11.f4 O-O 12.a4 Rfd8 13.a5 Be8 14.Be3 Nd7 15.Qd2 b5
16.Qf2 Rab8 17.Ne2 Nb4 18.Ned4 Rdc8 19.Qd2 Nc6 20.Nxc6 Qxc6 21.Nd4 Qc7 22.c3 Nf6
23.Nc2 Bc6 24.Nb4 Bb7 25.Bb6 Qd7 26.Rad1 d5 27.e5 Ne8 28.Nd3 g6 29.b4 Ng7
30.g4 Bd8 31.Bd4 Be7 32.Rf1 Rc7 33.Ne1 Rf8 34.Bh3 f6 35.exf6 Bxf6 36.Nd3 Bxd4+
37.cxd4 Qe7 38.Nc5 Qh4 39.Qe3 Bc8 40.Qg3 Qd8 41.Rde1 Qd6 42.Re5 Rcf7 43.Rf2 Kh8
44.Bf1 Ne8 45.Bd3 Nf6 46.h3 Ne4 47.Bxe4 dxe4 48.Qe3 g5 49.Nxe4 Qxb4 50.Nxg5 Rg7
51.Rc5 Qxa5 52.Qe5 Qd8 53.Rxc8 Qxc8 54.Nxe6 Rg8 55.f5 Qb8 56.Nxg7 Qxe5 57.dxe5 Kxg7
58.Rc2 Rb8 59.Rc7+ Kg8 60.f6 b4 61.e6 b3 62.Rg7+ Kh8 63.Rb7  1-0

[Event "Zetters"]
[Site "Birmingham"]
[Date "1975.03.28"]
[Round "2"]
[White "Nunn, John DM"]
[Black "Gasic, Bozidar"]
[Result "1/2-1/2"]
[WhiteElo "2375"]
[BlackElo "2365"]

1.e4 c5 2.Nf3 e6 3.d4 cxd4 4.Nxd4 Nc6 5.Nc3 Qc7 6.g3 a6 7.Bg2 d6 8.O-O Bd7
9.Re1 Be7 10.Nxc6 bxc6 11.Na4 Rb8 12.c4 c5 13.Nc3 Bf6 14.Bf4 Bd4 15.Qe2 Bxc3
16.bxc3 e5 17.Bg5 f6 18.Be3 Be6 19.h3 Bf7 20.Rab1 Ne7  1/2-1/2

[Event "Zetters"]
[Site "Birmingham"]
[Date "1975.03.30"]
[Round "4"]
[White "Mestel, A Jonathan"]
[Black "Gasic, Bozidar"]
[Result "1/2-1/2"]
[WhiteElo "2290"]
[BlackElo "2365"]

1.e4 c5 2.Nf3 e6 3.d4 cxd4 4.Nxd4 Nc6 5.Nc3 Qc7 6.g3 a6 7.Bg2 d6 8.O-O Bd7
9.Re1 Be7 10.Nxc6 bxc6 11.Na4 Rb8 12.b3 Bf6 13.Bf4 e5 14.Be3 Ne7 15.Qd3 c5
16.Nb2 Bb5 17.Nc4 Bxc4 18.Qxc4 a5 19.Red1 O-O 20.c3 Nc8 21.Qa6 Be7 22.Bf1 Qa7
23.Qxa7 Nxa7 24.Rab1 Rb7 25.Bc4 Nb5 26.Rd3 Kh8 27.Bd5 Rbb8 28.Rc1 Nc7 29.Bc4 Na8
30.Kf1 Nb6 31.Bb5 Nd5 32.Rxd5 Rxb5 33.Ke2 Rfb8 34.Kd3 h5 35.Kc4 R5b7 36.Rb1 g6
37.Rd2 Kg7 38.Kd5 f6 39.Rdb2 f5 40.f3 Kf7 41.Rf1 Rc8 42.c4 Bf8 43.Bg5 Re8
44.Re2 Rc7 45.Rfe1 Re6 46.f4 exf4 47.gxf4 fxe4 48.Rxe4 Rxe4 49.Rxe4 a4 50.Re3 axb3
51.Rxb3 Ra7 52.a3 Ra4 53.Rb7+ Kg8 54.Rb8 Kf7 55.Rb7+ Kg8 56.Be7 Bxe7 57.Rxe7 Rxa3
58.Kxd6  1/2-1/2

[Event "Zetters"]
[Site "Birmingham"]
[Date "1975.04.08"]
[Round "11"]
[White "Mestel, A Jonathan"]
[Black "Matera, Salvatore"]
[Result "1/2-1/2"]
[WhiteElo "2290"]
[BlackElo "2385"]

1.e4 c5 2.Nf3 e6 3.d4 cxd4 4.Nxd4 Nc6 5.Nc3 a6 6.Be2 d6 7.O-O Nf6 8.Kh1 Be7
9.Be3 O-O 10.f4 Qc7 11.Qe1 Bd7 12.Qg3 Nxd4 13.Bxd4 Bc6 14.Bd3 g6  1/2-1/2

[Event "Zetters"]
[Site "Birmingham"]
[Date "1975.04.09"]
[Round "12"]
[White "Ball, Jol DL"]
[Black "Damjanovic, Mato"]
[Result "0-1"]
[WhiteElo "2200"]
[BlackElo "2455"]

1.e4 c5 2.Nf3 e6 3.d4 cxd4 4.Nxd4 Nc6 5.Nc3 Qc7 6.g3 a6 7.Bg2 Nf6 8.O-O d6
9.Be3 Be7 10.f4 O-O 11.f5 Nxd4 12.Qxd4 e5 13.Qd3 Bd7 14.h3 Bc6 15.g4 h6 16.Rad1 b5
17.a3 Qb7 18.g5 hxg5 19.Bxg5 Rfd8 20.Bxf6 Bxf6 21.Nd5 Bxd5 22.Qxd5 Qb6+ 23.Kh1 Rac8
24.c3 Kf8 25.Qd2 Ke7 26.Qf2 Qc5 27.Qxc5 dxc5 28.Bf3 Bg5 29.Kg2 c4 30.Rd5 Rxd5
31.exd5 Kd6 32.Be4 a5 33.Rf2 a4 34.Re2 Rh8 35.Bf3 Bf4 36.Re1 Rh6 37.Rh1 g6
38.f6 g5 39.Be4 Rxf6 40.Rf1 Rh6 41.Rh1 g4  0-1

[Event "Zetters"]
[Site "Birmingham"]
[Date "1975.04.11"]
[Round "14"]
[White "Corden, Martyn J"]
[Black "Damjanovic, Mato"]
[Result "0-1"]
[WhiteElo "2315"]
[BlackElo "2455"]

1.e4 c5 2.Nf3 e6 3.d4 cxd4 4.Nxd4 Nc6 5.Nc3 Qc7 6.Be3 a6 7.Bd3 Nf6 8.Nb3 b5
9.f4 h5 10.Qd2 Bb7 11.O-O-O Ng4 12.Bg1 Bb4 13.Kb1 O-O 14.h3 Nf6 15.e5 Bxc3
16.Qxc3 Nd5 17.Qd2 Ncb4 18.Bc5 Nxd3 19.cxd3 Rfc8 20.Rc1 a5 21.Bd6 Qb6 22.Nc5 b4
23.Rhf1 Qb5 24.f5 Nc3+ 25.Ka1 Rxc5 26.Bxc5 Qxc5 27.bxc3 Qxe5 28.d4 Qg3 29.f6 g5
30.Qe1 Qxe1 31.Rcxe1 Kh7 32.Re5 Kg6 33.Rf2 Bd5 34.Re3 Rc8 35.Kb2 Rc4 36.a3 bxc3+
37.Rxc3 Rxd4 38.g3 Bc4 39.Rfc2 d5 40.Rf3 e5 41.Re3 e4 42.Kc3 Rd1 43.Rd2 Rxd2
44.Kxd2 Kxf6 45.g4 hxg4 46.hxg4 Ke5 47.Rh3 d4 48.Rh8 e3+ 49.Ke1 d3  0-1

[Event "IBM"]
[Site "Amsterdam"]
[Date "1975.??.??"]
[Round "12"]
[White "Hamann, Svend"]
[Black "Razuvaev, Yuri S"]
[Result "1/2-1/2"]
[WhiteElo "2485"]
[BlackElo "2515"]

1.e4 c5 2.Nf3 e6 3.Nc3 Nc6 4.d4 cxd4 5.Nxd4 a6 6.g3 Nge7 7.Bg2 Nxd4 8.Qxd4 Nc6
9.Qd2 b5 10.O-O Bb7 11.b3 Bc5 12.Bb2 O-O 13.Ne2 e5 14.Rad1 d6 15.Nc1 a5 16.Nd3 Bb6
17.Ne1 Qc8 18.Nf3 Rd8 19.Nh4 Ne7 20.Rc1 f6 21.c4 b4 22.Qe2 a4 23.Rcd1 Bc5
24.Kh1 Bc6 25.f4 axb3 26.axb3 Qb7 27.Rd2 Re8 28.fxe5 dxe5 29.Rfd1 Qc7 30.Bh3 Red8
31.Be6+ Kh8 32.Nf5 Rxd2 33.Rxd2 Nxf5 34.Bxf5 Rd8 35.Qh5 g6 36.Rxd8+ Kg7 37.Bxg6 hxg6
38.Qh8+ Kf7 39.h4 Bxe4+ 40.Kh2 Ke6 41.g4 Qa7 42.Kh3 Qb7 43.g5 Be7 44.Re8 Kf5
45.Rb8 Qd7 46.Qc8 Qxc8 47.Rxc8 fxg5 48.Re8 Ke6 49.hxg5 Kd7 50.Rb8 Bc2 51.Bxe5 Bxb3
52.Rb7+ Ke6 53.Bf6 Bd6 54.Rg7 Kf5 55.Rd7 Ke6 56.Rg7 Kf5 57.Rd7  1/2-1/2

[Event "CSR-ch"]
[Site "Brno"]
[Date "1975.??.??"]
[Round "5"]
[White "Vogt, Lothar"]
[Black "Suetin, Alexey S"]
[Result "1/2-1/2"]
[WhiteElo "2450"]
[BlackElo "2520"]

1.e4 c5 2.Nf3 e6 3.d4 cxd4 4.Nxd4 Nc6 5.Nc3 a6 6.Be3 Nf6 7.Bd3 Qc7 8.O-O Ne5
9.h3 Bc5 10.Na4 Ba7 11.c4 d6 12.Rc1 Bd7 13.Nc3 O-O 14.b3 Nxd3 15.Qxd3 Rfd8
16.Rfd1 Qa5 17.Nc2 Bxe3 18.Qxe3 Be8 19.a4 Rac8 20.b4 Qc7 21.Na3 b6 22.Qd4 Rb8  1/2-1/2

[Event "CSR-ch"]
[Site "Brno"]
[Date "1975.??.??"]
[Round "6"]
[White "Suetin, Alexey S"]
[Black "Estevez, Guillermo"]
[Result "1-0"]
[WhiteElo "2520"]
[BlackElo "2330"]

1.e4 c5 2.Nf3 e6 3.d4 cxd4 4.Nxd4 Nc6 5.Nc3 d6 6.g3 Nge7 7.Nb3 Bd7 8.Bg2 Nc8
9.O-O Be7 10.a4 O-O 11.a5 a6 12.f4 Qc7 13.g4 Nb4 14.g5 f6 15.h4 fxg5 16.hxg5 Na7
17.Rf3 Nb5 18.Bd2 Nc6 19.Na4 Ncd4 20.Nxd4 Nxd4 21.Rc3 Bc6 22.Nb6 Rab8 23.Qg4 Bd8
24.Be3 Nb5 25.Rd3 Na7 26.c4 Qe7 27.b4 Bxb6 28.axb6 Nc8 29.Rad1 Qf7 30.Rf1 e5
31.Rc3 exf4 32.Rxf4 Qe7 33.Rxf8+ Kxf8 34.Bd4 Bd7 35.Qg3 Be6 36.c5 Qd8 37.c6 bxc6
38.Rxc6 Qe7 39.Rc7 Bd7 40.b7  1-0

[Event "CSR-ch"]
[Site "Brno"]
[Date "1975.??.??"]
[Round "7"]
[White "Jansa, Vlastimil"]
[Black "Suetin, Alexey S"]
[Result "1-0"]
[WhiteElo "2540"]
[BlackElo "2520"]

1.e4 c5 2.Nf3 e6 3.d4 cxd4 4.Nxd4 Nc6 5.Nc3 a6 6.g3 d6 7.Bg2 Bd7 8.O-O Nf6
9.Re1 Be7 10.Nxc6 Bxc6 11.a4 O-O 12.Be3 Nd7 13.a5 Qc7 14.Na4 Rac8 15.Nb6 Nxb6
16.Bxb6 Qd7 17.Qd2 Bd8 18.Bd4 Bc7 19.c4 f5 20.exf5 e5 21.Be3 Qxf5 22.Bd5+ Kh8
23.c5 dxc5 24.Bxc6 bxc6 25.Qe2 Ra8 26.Bxc5 Rfb8 27.b4 h6 28.Rad1 Rb5 29.Qe3 Rbb8
30.Rd2 Rd8 31.Rxd8+ Rxd8 32.Bb6 Bxb6 33.axb6 Rb8 34.Qc5 Qd7 35.Rxe5 Rb7 36.Qe3 Kg8
37.Qb3+ Kh7 38.Qc2+ Kg8 39.Qc4+ Kh8 40.Qxa6 Qd1+ 41.Kg2 Rf7 42.Rf5 Re7 43.b7  1-0

[Event "CSR-ch"]
[Site "Brno"]
[Date "1975.??.??"]
[Round "14"]
[White "Jansa, Vlastimil"]
[Black "Taimanov, Mark E"]
[Result "1/2-1/2"]
[WhiteElo "2540"]
[BlackElo "2580"]

1.e4 c5 2.Nf3 e6 3.d4 cxd4 4.Nxd4 Nc6 5.Nc3 a6 6.g3 Nge7 7.Nb3 d6 8.a4 b6
9.Bg2 Bb7 10.O-O Nc8 11.f4 Be7 12.f5 O-O 13.fxe6 fxe6 14.Qg4 Qd7 15.Bh3 Rxf1+
16.Kxf1 Nd8 17.Nd4 Bf6 18.Nxe6 h5 19.Qxh5 Nxe6 20.Qg4 Bxc3 21.Qxe6+ Qf7+
22.Qxf7+ Kxf7 23.bxc3 Bxe4 24.Bg2 Bxg2+ 25.Kxg2 Ra7 26.Be3 Rc7 27.Bd4 Ne7
28.Rf1+ Kg6 29.Re1 Kf7 30.Rf1+ Kg6 31.Rb1 Nd5 32.Kf1  1/2-1/2

[Event "ARG-ch"]
[Site "Buenos Aires"]
[Date "1975.??.??"]
[Round "1"]
[White "Rodriguez, I."]
[Black "Sanguineti, Raul"]
[Result "1/2-1/2"]
[WhiteElo "2200"]
[BlackElo "2530"]

1.e4 c5 2.Nf3 Nc6 3.d4 cxd4 4.Nxd4 e6 5.Nc3 a6 6.Nf3 Qc7 7.Bd3 Nf6 8.Qe2 d6
9.O-O Be7 10.h3 b5 11.Bf4 Ne5 12.Rad1 O-O 13.Bh2 b4 14.Nb1 Nxd3 15.cxd3 Bd7
16.Rc1 Qa5 17.a3 Rfc8 18.Qd2 d5 19.e5 Ne8 20.axb4 Qxb4 21.Nc3 Rab8 22.Rc2 d4
23.Ne4 Rxc2 24.Qxc2 Ba4 25.Qc1 Qxb2 26.Qf4 Rd8 27.Bg3 h6 28.Bh4 Qa3 29.Nd6 Bxh4
30.Qxh4 Rb8 31.Qxd4 Nxd6 32.exd6 Qb4 33.Qxb4 Rxb4 34.Rc1 Rb8 35.Ne5 Rd8 36.Rc7 f6
37.d7 Kf8 38.Nc6 Bxc6 39.Rxc6 e5 40.Rxa6 Rxd7 41.Ra3  1/2-1/2

[Event "Club Argentino"]
[Site "Buenos Aires"]
[Date "1975.??.??"]
[Round "2"]
[White "Kostka"]
[Black "Sanguineti, Raul"]
[Result "0-1"]
[WhiteElo "2200"]
[BlackElo "2530"]

1.e4 c5 2.Nf3 Nc6 3.d4 cxd4 4.Nxd4 e6 5.Nc3 a6 6.Be3 Nge7 7.Bc4 b5 8.Bb3 Bb7
9.Qe2 Nxd4 10.Bxd4 Nc6 11.Be3 Be7 12.f4 Qc7 13.O-O-O Na5 14.Rhe1 Rc8 15.Kb1 O-O
16.Bc1 b4 17.Na4 Bc6 18.Rd2 Bb5 19.Qg4 Qc6 20.Qh5 g6 21.Qh6 Bf6 22.Red1 Bxa4
23.Rd6 Qb5 24.Bxa4 Qxa4 25.b3 Qb5 26.f5 Qe5 27.R6d4 Qc5 28.Bb2 Qxc2+ 29.Ka1 Rc5
30.fxg6 Nxb3+  0-1

[Event "ARG-ch"]
[Site "Buenos Aires"]
[Date "1975.??.??"]
[Round "6"]
[White "Bronstein, Luis"]
[Black "Cuasnicu, Oscar"]
[Result "1-0"]
[WhiteElo "2355"]
[BlackElo "2410"]

1.e4 c5 2.Nf3 e6 3.d4 cxd4 4.Nxd4 Nc6 5.Nc3 a6 6.g3 Nge7 7.Bg2 Nxd4 8.Qxd4 Nc6
9.Qe3 Be7 10.O-O O-O 11.b3 Bf6 12.Bb2 Bd4 13.Qd2 b5 14.Rad1 Bb7 15.Na4 Ba7
16.Qc3 Nd4 17.Rxd4 Rc8 18.Rxd7 Rxc3 19.Rxd8 Rxc2 20.Rd7 bxa4 21.Rxb7 Bc5
22.bxa4 Rd8 23.Be5 f6 24.Rb8 Rxb8 25.Bxb8 Rxa2 26.a5 Rxa5 27.Rc1 Bd4 28.Bh3  1-0

[Event "ARG-ch"]
[Site "Buenos Aires"]
[Date "1975.??.??"]
[Round "7"]
[White "Szmetan, Jorge"]
[Black "Barea, Luis"]
[Result "1-0"]
[WhiteElo "2435"]
[BlackElo "2200"]

1.e4 e6 2.d4 c5 3.Nf3 cxd4 4.Nxd4 Nc6 5.Nc3 d6 6.Be3 Nf6 7.Bc4 Be7 8.Qe2 a6
9.O-O-O Qc7 10.Bb3 O-O 11.g4 Na5 12.g5 Nxb3+ 13.axb3 Nd7 14.h4 b5 15.h5 b4
16.Na4 Nc5 17.f3 Bd7 18.g6 fxg6 19.hxg6 hxg6 20.Qh2 Bxa4 21.bxa4 Rac8 22.Kb1 Kf7
23.Rhg1 Rh8 24.Qg3 g5 25.Bxg5 Bxg5 26.Qxg5 Kg8 27.Rg4 Rh7 28.Rdg1 Nxa4 29.Qd2 Nc5
30.Qxb4 Rf8 31.Qc4 Qf7 32.b4 Rb8 33.Kc1 Nd7 34.Qxe6 Ne5 35.Qxd6 Re8 36.R4g3 Qa2
37.Qd5+ Qxd5 38.exd5 Nc4 39.Ne6 Ne3 40.Rxg7+ Rxg7 41.Rxg7+ Kh8 42.Rd7  1-0